000 00440nam a2200145 4500
005 20260414091803.0
008 260414b |||||||| |||| 00| 0 eng d
020 _a0-7487-1579-7
100 _aBreithaupt Jim
245 _aUnderstanding Physics for Advanced Level
_c/Jim Breithaupt
250 _a3rd ed
260 _aWellington Street, Cheltenham;
_bStanley Thornes Publishers LTD:
_c1995
300 _axix,554p.ill;
_c27cm
942 _2lcc
_n0
_cBK
999 _c217
_d217